[Event "SR 4. liga A21 2008/2009"]
[Site "?"]
[Date "2009.02.15"]
[Round "9.3"]
[White "Kovarik, Oto"]
[Black "Fidericky, Milan"]
[Result "1-0"]
[WhiteElo "2052"]
[BlackElo "1866"]
[PlyCount "59"]
[EventDate "2008.??.??"]

1. e4 e5 2. Nf3 Nf6 3. Nc3 Nc6 4. d4 exd4 5. Nxd4 Nxd4 6. Qxd4 d6 7. Be2 Be7 8.
O-O O-O 9. h3 Bd7 10. Bf4 a6 11. a4 Bc6 12. Rad1 Re8 13. Bc4 Nh5 14. Qd2 g5 15.
Be3 Bf6 16. Bd5 Rb8 17. f4 gxf4 18. Bxf4 Nxf4 19. Qxf4 Kg7 20. Rd3 Be5 21.
Qxf7+ Kh8 22. Rdf3 Qg5 23. Bb3 Rg8 24. g4 Bd4+ 25. Kg2 Bxc3 26. Rxc3 Bxe4+ 27.
Kg1 Rgf8 28. Qxf8+ Rxf8 29. Rxf8+ Kg7 30. Rg8+ 1-0

[Event "SR 4. liga A21 2008/2009"]
[Site "?"]
[Date "2009.02.15"]
[Round "9.4"]
[White "Barcaj, Jaroslav"]
[Black "Adamec, Jozef"]
[Result "1-0"]
[WhiteElo "1605"]
[BlackElo "1461"]
[PlyCount "99"]
[EventDate "2008.??.??"]

1. b4 Nf6 2. Bb2 e6 3. b5 d5 4. e3 Bd6 5. c4 O-O 6. Nc3 dxc4 7. Bxc4 Nbd7 8.
Nf3 b6 9. Qc2 Ne5 10. Nxe5 Bxe5 11. d4 Bd6 12. Rd1 Qe7 13. e4 e5 14. Nd5 Nxd5
15. Bxd5 Rb8 16. Rd3 Be6 17. dxe5 Bc5 18. O-O Rfd8 19. Kh1 Rf8 20. f4 Rfd8 21.
f5 Bxd5 22. exd5 Qe8 23. a4 Qf8 24. Rff3 Re8 25. Rg3 f6 26. e6 Bd6 27. Rg4 Re7
28. Qc1 Kh8 29. Rh3 Be5 30. Ba3 Bd6 31. Qe3 Rd8 32. Bb2 Be5 33. Bxe5 fxe5 34.
Qxe5 Qf6 35. Qxf6 gxf6 36. Rd3 Rd6 37. g3 Rd8 38. Rgd4 Rd6 39. Kg2 Kg7 40. Kf3
h5 41. Ke4 Rd8 42. Rc4 Kh6 43. Rdc3 Rg7 44. h3 Rc8 45. d6 c5 46. bxc6 a6 47. d7
Rcg8 48. c7 Rxg3 49. Rxg3 Rxg3 50. d8=Q 1-0

[Event "SR 4. liga A21 2008/2009"]
[Site "?"]
[Date "2009.02.15"]
[Round "9.4"]
[White "Kicinja, Jan"]
[Black "Palka, Martin"]
[Result "1/2-1/2"]
[WhiteElo "1806"]
[BlackElo "1931"]
[PlyCount "62"]
[EventDate "2008.??.??"]

1. d4 Nf6 2. c4 c5 3. d5 e6 4. Nc3 exd5 5. Nxd5 Nxd5 6. Qxd5 d6 7. Nf3 Nc6 8.
Ng5 Qe7 9. Bf4 Be6 10. Qe4 h6 11. Nf3 Qf6 12. O-O-O Rd8 13. Bg3 Be7 14. a3 Na5
15. Nd2 d5 16. cxd5 Bxd5 17. Qa4+ Nc6 18. e4 Be6 19. Bb5 O-O 20. Bxc6 bxc6 21.
Nf3 c4 22. Rxd8 Rxd8 23. Qc2 Rd3 24. Rd1 Rxd1+ 25. Kxd1 Bc5 26. Ne5 Bd4 27. Nf3
Bg4 28. Kd2 Bxb2 29. Qxc4 Bxa3 30. e5 Qe6 31. Qd4 Qa2+ 1/2-1/2

[Event "SR 4. liga A21 2008/2009"]
[Site "?"]
[Date "2009.02.15"]
[Round "9.4"]
[White "Kyselica, Jozef"]
[Black "Lanik, Miroslav"]
[Result "0-1"]
[WhiteElo "1544"]
[BlackElo "1702"]
[PlyCount "54"]
[EventDate "2008.??.??"]

1. c4 Nf6 2. d4 e6 3. Nc3 d5 4. cxd5 exd5 5. Bf4 c6 6. Qc2 Bd6 7. Bxd6 Qxd6 8.
Nf3 Be6 9. e4 dxe4 10. Nxe4 Nxe4 11. Qxe4 Qb4+ 12. Nd2 O-O 13. b3 Nd7 14. Qd3
Bd5 15. f3 Rfe8+ 16. Be2 Re7 17. O-O Rae8 18. a3 Qb6 19. Ne4 Bxe4 20. fxe4 Rxe4
21. Bf3 Rxd4 22. Qxd4 Qxd4+ 23. Kh1 Nf6 24. Rad1 Qb2 25. Rd6 Qxa3 26. Rd3 Qa6
27. Rfd1 Qxd3 0-1

[Event "SR 4. liga A21 2008/2009"]
[Site "?"]
[Date "2009.02.15"]
[Round "9.4"]
[White "Sladek, Tibor"]
[Black "Bendzela, Tibor"]
[Result "1-0"]
[WhiteElo "1436"]
[BlackElo "1477"]
[PlyCount "116"]
[EventDate "2008.??.??"]

1. e4 c5 2. Bc4 Nc6 3. a3 Nf6 4. Nc3 d6 5. h3 e6 6. Nf3 h6 7. O-O g5 8. d4 a6
9. d5 Na5 10. Ba2 b5 11. dxe6 fxe6 12. e5 Nh7 13. b4 cxb4 14. axb4 Nc6 15. exd6
Qxd6 16. Qxd6 Bxd6 17. Ne4 Bxb4 18. Bb2 Rg8 19. Rad1 Ke7 20. c3 Ba5 21. Rfe1
Ra7 22. Nc5 Rd8 23. Rxd8 Nxd8 24. Re2 b4 25. cxb4 Bxb4 26. Nd3 a5 27. Rc2 Nf6
28. Bxf6+ Kxf6 29. Rxc8 Rd7 30. Nxb4 axb4 31. Rc4 Rb7 32. Bb3 Nf7 33. Rc6 Nd8
34. Rd6 Rb8 35. Nd4 Ke5 36. Rd7 h5 37. Nf3+ Kf6 38. Nd4 Ke5 39. Nc2 Nc6 40. Rd3
Na5 41. Re3+ Kf6 42. Rxe6+ Kg7 43. Re3 Kf6 44. Rd3 h4 45. Re3 Kg6 46. Kh2 Kf6
47. Re6+ Kg7 48. Na1 Rb5 49. Re3 Rb8 50. Re5 Nc6 51. Rxg5+ Kh6 52. Rc5 Nd4 53.
Rc4 Ne2 54. Rxh4+ Kg5 55. Rc4 Nc3 56. Nc2 Na2 57. Bxa2 b3 58. Bxb3 Rxb3 1-0

[Event "SR 4. liga A21 2008/2009"]
[Site "?"]
[Date "2009.02.15"]
[Round "9.4"]
[White "Tokos, Rastislav"]
[Black "Kurinec, Jozef"]
[Result "1-0"]
[WhiteElo "1931"]
[BlackElo "1757"]
[PlyCount "81"]
[EventDate "2008.??.??"]

1. e4 e5 2. Nf3 Nc6 3. Bb5 a6 4. Bxc6 dxc6 5. d4 exd4 6. Qxd4 Qxd4 7. Nxd4 c5
8. Nb3 Bd6 9. Be3 b6 10. N1d2 Be6 11. f4 f6 12. Nc1 Ne7 13. Ne2 O-O 14. Nf3 c6
15. a4 Bc4 16. Nd2 Bxe2 17. Kxe2 Ng6 18. g3 Rfe8 19. Kf3 b5 20. Nb3 c4 21. Na5
Ne7 22. Nb7 Bb8 23. Rhd1 Ba7 24. Bxa7 Rxa7 25. Nc5 a5 26. Rd4 Kf7 27. c3 Nc8
28. Nd7 Ne7 29. h4 h6 30. h5 c5 31. Nxc5 Rc8 32. Nd7 Nc6 33. Rd2 b4 34. Nb6
bxc3 35. Nxc8 cxd2 36. Nxa7 Nd4+ 37. Kf2 Nb3 38. Rd1 Ke6 39. Ke3 Kd6 40. Rxd2+
Nxd2 41. Kxd2 1-0

[Event "SR 4. liga A21 2008/2009"]
[Site "?"]
[Date "2009.02.15"]
[Round "9.5"]
[White "Blazkova, Barbora"]
[Black "Piestansky, Jan"]
[Result "1/2-1/2"]
[WhiteElo "1898"]
[BlackElo "1597"]
[PlyCount "67"]
[EventDate "2008.??.??"]

1. d4 d5 2. c4 c6 3. Nc3 Bf5 4. e3 e6 5. Nf3 Nf6 6. h3 Bd6 7. Bd3 Bg6 8. Bxg6
fxg6 9. b3 O-O 10. O-O Nbd7 11. c5 Be7 12. Qd3 Re8 13. Re1 Qc8 14. b4 a6 15. a4
Nf8 16. Bd2 h6 17. Ne5 Kh7 18. Ne2 N6d7 19. Nf3 Nf6 20. Nf4 Ne4 21. Bc1 Qc7 22.
Ne5 Bf6 23. Bb2 Bxe5 24. dxe5 Ng5 25. h4 Nf7 26. h5 Nh8 27. hxg6+ Nhxg6 28. Bd4
Qf7 29. Rab1 Kg8 30. Nxg6 Nxg6 31. b5 axb5 32. axb5 Ra2 33. Rb2 Rea8 34. Reb1
1/2-1/2

[Event "SR 4. liga A21 2008/2009"]
[Site "?"]
[Date "2009.02.15"]
[Round "9.5"]
[White "Danada, Ondrej"]
[Black "Slaby, Jozef"]
[Result "0-1"]
[WhiteElo "1894"]
[BlackElo "1930"]
[PlyCount "57"]
[EventDate "2008.??.??"]

1. e4 e6 2. d4 d5 3. Nc3 Nf6 4. Bg5 Be7 5. e5 Nfd7 6. Bxe7 Qxe7 7. Nb5 Nb6 8.
a4 a6 9. a5 Nc4 10. Bxc4 dxc4 11. Nc3 Nc6 12. Nf3 Qb4 13. Qd2 O-O 14. O-O Bd7
15. Ra4 Qe7 16. Rxc4 Rac8 17. Ra1 Nb4 18. Ne4 Nd5 19. Rc5 Qd8 20. c4 Ne7 21.
Qg5 Nf5 22. Nf6+ Kh8 23. g4 gxf6 24. exf6 Rg8 25. Qh5 Qxf6 26. Ne5 Be8 27. Ra3
Rg5 28. Qh3 Nxd4 29. Rd3 0-1

[Event "SR 4. liga A21 2008/2009"]
[Site "?"]
[Date "2009.02.15"]
[Round "9.5"]
[White "Pripko, Bystrik"]
[Black "Pericka, Pavol"]
[Result "1-0"]
[WhiteElo "1560"]
[BlackElo "1735"]
[PlyCount "101"]
[EventDate "2008.??.??"]

1. e4 e5 2. Nf3 Nc6 3. Bc4 Be7 4. d3 Nf6 5. Nc3 d6 6. h3 Na5 7. Bb3 c6 8. O-O
O-O 9. Bd2 Nxb3 10. axb3 Qc7 11. Ne2 Nh5 12. Nh2 d5 13. exd5 cxd5 14. Nc3 Nf6
15. Nf3 Bd7 16. Bg5 Qd6 17. Qe2 h6 18. Bh4 d4 19. Bxf6 gxf6 20. Ne4 Qc7 21.
Rac1 f5 22. Ned2 Bf6 23. Nc4 b5 24. Ncd2 Kh7 25. c3 dxc3 26. bxc3 Rg8 27. Kh1
Bc6 28. Rg1 Rae8 29. c4 e4 30. dxe4 fxe4 31. Nh2 Qb7 32. cxb5 Bxb5 33. Qe3 Bg5
34. Qd4 e3 35. Nc4 exf2 36. Qxf2 Bxc1 37. Nd6 Rxg2 38. Qf5+ Rg6+ 39. Nxb7 Bc6+
40. Nf3 Re7 41. Rxc1 Bxb7 42. Rg1 Be4 43. Qf4 f5 44. Kh2 Reg7 45. Rxg6 Rxg6 46.
Nh4 Rg7 47. Nf3 Rb7 48. Nd4 Kg6 49. Qd6+ Kh5 50. Qf6 Rb6 51. Ne6 1-0

[Event "SR 4. liga A21 2008/2009"]
[Site "?"]
[Date "2009.02.15"]
[Round "9.5"]
[White "Slaby, Marian"]
[Black "Diviak, Rastislav"]
[Result "0-1"]
[WhiteElo "1860"]
[BlackElo "2022"]
[PlyCount "60"]
[EventDate "2008.??.??"]

1. d4 d5 2. c4 e6 3. Nc3 c6 4. e3 Nf6 5. Nf3 Nbd7 6. Bd3 dxc4 7. Bxc4 b5 8. Bd3
a6 9. O-O Bb7 10. b3 c5 11. Ne2 Be7 12. Bb2 O-O 13. Ng3 Qb6 14. Ne5 Nxe5 15.
dxe5 Qc6 16. f3 Nd5 17. Qe2 Rfd8 18. Rfd1 Qb6 19. Be4 Rac8 20. f4 Nb4 21. Bxb7
Qxb7 22. a3 Rxd1+ 23. Rxd1 Nd5 24. Rc1 c4 25. bxc4 Rxc4 26. Rxc4 bxc4 27. Ne4
Nxe3 28. Qxe3 Qxb2 29. Nd6 c3 30. Nc4 Qa1+ 0-1

[Event "SR 4. liga A21 2008/2009"]
[Site "?"]
[Date "2009.02.15"]
[Round "9.5"]
[White "Vagovic, Milan"]
[Black "Jozefek, Michal"]
[Result "1-0"]
[WhiteElo "1667"]
[BlackElo "1896"]
[PlyCount "75"]
[EventDate "2008.??.??"]

1. d4 Nf6 2. c4 e6 3. Nc3 Bb4 4. a3 Bxc3+ 5. bxc3 O-O 6. Nf3 c5 7. e3 Na6 8.
Bd3 b6 9. O-O Bb7 10. Re1 d6 11. e4 Qc7 12. Qc2 e5 13. h3 Rac8 14. Bd2 Nb8 15.
a4 Nc6 16. d5 Na5 17. Nh2 Ba6 18. Qa2 Rce8 19. Nf1 Nxe4 20. Rxe4 f5 21. Ree1 e4
22. Be2 f4 23. Qc2 Qe7 24. Rab1 Nxc4 25. Qc1 Qf7 26. Bg4 Kh8 27. Be6 Qf6 28.
Rxe4 Nxd2 29. Qxd2 Qg6 30. Rbe1 f3 31. g3 Be2 32. Qe3 Qh5 33. Kh2 Qg6 34. Nd2
Re7 35. Rf4 Ree8 36. Nxf3 Bxf3 37. Qxf3 Rxf4 38. Qxf4 1-0

[Event "SR 4. liga A21 2008/2009"]
[Site "?"]
[Date "2009.02.15"]
[Round "9.6"]
[White "Gono, Michal"]
[Black "Kubis, Ivan"]
[Result "1/2-1/2"]
[WhiteElo "1853"]
[BlackElo "2042"]
[PlyCount "46"]
[EventDate "2008.??.??"]

1. d4 Nf6 2. c4 e6 3. Nc3 Bb4 4. Qc2 d5 5. e3 O-O 6. a3 Bxc3+ 7. Qxc3 Ne4 8.
Qc2 Nd7 9. Bd3 f5 10. Nf3 Ndf6 11. O-O a5 12. Ne5 c6 13. f3 Nd6 14. c5 Nf7 15.
Nxf7 Rxf7 16. Bd2 b5 17. b4 axb4 18. axb4 Rfa7 19. Bc3 Bd7 20. Rxa7 Rxa7 21.
Ra1 Rxa1+ 22. Bxa1 Qa8 23. Bc3 Be8 1/2-1/2

[Event "SR 4. liga A21 2008/2009"]
[Site "?"]
[Date "2009.02.15"]
[Round "9.6"]
[White "Kubik, Peter"]
[Black "Nedorost, Lubomir"]
[Result "1-0"]
[WhiteElo "1491"]
[BlackElo "1588"]
[PlyCount "57"]
[EventDate "2008.??.??"]

1. e4 e6 2. d4 d5 3. Nd2 c5 4. exd5 cxd4 5. Bb5+ Bd7 6. dxe6 Bxb5 7. exf7+ Kxf7
8. Qh5+ g6 9. Qxb5 Qe7+ 10. Ne2 Nc6 11. O-O Rd8 12. Nf3 Kg7 13. Re1 Qf7 14. Nf4
Rd6 15. Ng5 Qd7 16. Nfe6+ Rxe6 17. Nxe6+ Kf7 18. Qc4 Na5 19. Nxf8+ Kxf8 20.
Qc5+ Ne7 21. Qxa5 Nc6 22. Bh6+ Kf7 23. Qg5 Rc8 24. Re4 Nb4 25. Rae1 Nd5 26.
Rxd4 Rc5 27. c4 Qa4 28. Rxd5 Qa5 29. Rd7+ 1-0

[Event "SR 4. liga A21 2008/2009"]
[Site "?"]
[Date "2009.02.15"]
[Round "9.6"]
[White "Nemsak, Denis"]
[Black "Hrubsa, Marian"]
[Result "0-1"]
[WhiteElo "1476"]
[BlackElo "1909"]
[PlyCount "80"]
[EventDate "2008.??.??"]

1. c4 e5 2. d3 Nc6 3. Nc3 Nf6 4. Bg5 Be7 5. g3 O-O 6. Bg2 Ng4 7. Bxe7 Qxe7 8.
Nf3 d6 9. O-O f5 10. e3 Be6 11. h3 Nh6 12. b3 Kh8 13. d4 Bd7 14. Nd5 Qd8 15.
dxe5 dxe5 16. Qd2 Nf7 17. Rad1 e4 18. Nd4 Nce5 19. Nf4 Qe7 20. f3 exf3 21. Bxf3
Nxf3+ 22. Nxf3 Bc6 23. Nd4 Be4 24. Qc3 Qg5 25. Kh2 Qh6 26. Nde6 Rg8 27. Rd7 Ng5
28. Nxg5 Qxg5 29. Ne6 Qh5 30. Qb2 Qg6 31. Nxc7 Rad8 32. Qd4 Rxd7 33. Qxd7 Qb6
34. Nd5 Qa5 35. Nf4 Rd8 36. Qe7 Qd2+ 37. Kg1 Qxe3+ 38. Kh2 Rd2+ 39. Ng2 Rxg2+
40. Kh1 Re2+ 0-1

[Event "SR 4. liga A21 2008/2009"]
[Site "?"]
[Date "2009.02.15"]
[Round "9.6"]
[White "Strapko, Tomas"]
[Black "Planka, Peter"]
[Result "1/2-1/2"]
[WhiteElo "1436"]
[BlackElo "1350"]
[PlyCount "76"]
[EventDate "2008.??.??"]

1. e4 e5 2. Nf3 Nc6 3. Bc4 Bc5 4. b4 Bxb4 5. c3 Ba5 6. O-O d6 7. Qb3 Qf6 8. h3
Bb6 9. Qd1 Qg6 10. Kh1 Na5 11. Qe2 Nxc4 12. Qxc4 Ne7 13. Qe2 O-O 14. d4 Nc6 15.
Bb2 exd4 16. cxd4 Bd7 17. Bc3 Rfe8 18. Re1 Ba5 19. Bxa5 Nxa5 20. Nbd2 a6 21.
Qd3 Rab8 22. Qc3 Nc6 23. d5 Na7 24. Qxc7 Bb5 25. Qb6 Nc8 26. Qd4 f6 27. a4 Bd7
28. Rac1 Qf7 29. Rc7 Re7 30. Rec1 Qe8 31. a5 Bb5 32. Nh4 Rxc7 33. Rxc7 Qd8 34.
Qc3 Ne7 35. Nb3 Rc8 36. Rxc8 Qxc8 37. Qxc8+ Nxc8 38. Nf5 g6 1/2-1/2

[Event "SR 4. liga A21 2008/2009"]
[Site "?"]
[Date "2009.02.15"]
[Round "9.6"]
[White "Vach, Jozef"]
[Black "Matejovic, Ludovit"]
[Result "1-0"]
[WhiteElo "1917"]
[BlackElo "1592"]
[PlyCount "41"]
[EventDate "2008.??.??"]

1. d4 d5 2. Nf3 Nf6 3. Bg5 Bf5 4. e3 Qd6 5. c4 dxc4 6. Nc3 Qb4 7. Qd2 e6 8. Rc1
b5 9. Be2 Ne4 10. Nxe4 Bxe4 11. O-O Qxd2 12. Nxd2 Bd5 13. e4 Bb7 14. Be3 Nd7
15. b3 Ba3 16. Rc2 Bb4 17. f3 a5 18. bxc4 Bxd2 19. Bxd2 b4 20. c5 e5 21. c6 1-0

[Event "SR 4. liga A21 2008/2009"]
[Site "?"]
[Date "2009.03.01"]
[Round "10.1"]
[White "Hanzluvka, Peter"]
[Black "Kubis, Ivan"]
[Result "1/2-1/2"]
[WhiteElo "2052"]
[BlackElo "2042"]
[PlyCount "62"]
[EventDate "2008.??.??"]

1. e4 e5 2. Nf3 Nc6 3. Bc4 Nf6 4. O-O Nxe4 5. d4 exd4 6. Re1 d5 7. Bxd5 Qxd5 8.
Nc3 Qa5 9. Nxe4 Be6 10. Neg5 O-O-O 11. Nxe6 fxe6 12. Rxe6 Bd6 13. Bg5 Rdf8 14.
Bh4 Kd7 15. Re4 Qd5 16. Qd3 Nb4 17. Qxd4 Qxd4 18. Nxd4 Re8 19. Rxe8 Rxe8 20.
Bg3 Bxg3 21. hxg3 c5 22. Nb3 c4 23. Na5 b5 24. c3 Nd3 25. b3 Kc7 26. bxc4 Kb6
27. Nb3 bxc4 28. Nd4 Kc5 29. Rb1 g6 30. Rb5+ Kd6 31. Rb1 Kc5 1/2-1/2

[Event "SR 4. liga A21 2008/2009"]
[Site "?"]
[Date "2009.03.01"]
[Round "10.1"]
[White "Kubik, Peter"]
[Black "Nemeckay, Rastislav"]
[Result "1-0"]
[WhiteElo "1491"]
[BlackElo "1749"]
[PlyCount "69"]
[EventDate "2008.??.??"]

1. e4 e5 2. Nf3 Nf6 3. Nxe5 d6 4. Nf3 Nxe4 5. d4 d5 6. Bd3 Bd6 7. O-O Bg4 8. h3
Bf5 9. c4 c6 10. Nc3 Nxc3 11. bxc3 Bxd3 12. Qxd3 O-O 13. Ng5 g6 14. f4 Be7 15.
Nf3 f6 16. f5 g5 17. Nh2 Nd7 18. cxd5 cxd5 19. Qf3 Nb6 20. h4 gxh4 21. Bh6 Rf7
22. Qg4+ Kh8 23. Qxh4 Bf8 24. Ng4 Bxh6 25. Qxh6 Qf8 26. Rae1 Qxh6 27. Nxh6 Rc7
28. Rf3 Rac8 29. Ng4 Kg7 30. Re6 Rxc3 31. Rxc3 Rxc3 32. Re7+ Kf8 33. Rxb7 Ra3
34. Nxf6 Rxa2 35. Nxh7+ 1-0

[Event "SR 4. liga A21 2008/2009"]
[Site "?"]
[Date "2009.03.01"]
[Round "10.1"]
[White "Pagerka, Slavomir"]
[Black "Hrubsa, Marian"]
[Result "0-1"]
[WhiteElo "1848"]
[BlackElo "1909"]
[PlyCount "64"]
[EventDate "2008.??.??"]

1. e4 e6 2. d4 d5 3. exd5 exd5 4. Nf3 Nf6 5. c4 c6 6. c5 Bg4 7. h3 Bh5 8. Bf4
Nbd7 9. Nbd2 Be7 10. Be2 O-O 11. O-O Ne4 12. Ne5 Bg6 13. f3 Nxd2 14. Qxd2 Nxe5
15. Bxe5 Re8 16. Bd3 Bxc5 17. Bxg6 hxg6 18. Bxg7 Kxg7 19. dxc5 Qf6 20. Rae1 b6
21. b4 bxc5 22. bxc5 Rxe1 23. Rxe1 Rb8 24. Qd3 Rb2 25. a3 Rb5 26. Rc1 Qf4 27.
Qc3+ d4 28. Qe1 Rb2 29. Rc4 Qg5 30. Qf1 Qe3+ 31. Kh1 Re2 32. Rc1 d3 0-1

[Event "SR 4. liga A21 2008/2009"]
[Site "?"]
[Date "2009.03.01"]
[Round "10.1"]
[White "Tokoly, Daniel"]
[Black "Planka, Peter"]
[Result "0-1"]
[WhiteElo "1494"]
[BlackElo "1350"]
[PlyCount "96"]
[EventDate "2008.??.??"]

1. e4 e5 2. Nf3 Nc6 3. Bc4 Bc5 4. O-O Nf6 5. Nc3 d6 6. h3 O-O 7. d3 h6 8. Be3
Bxe3 9. fxe3 Na5 10. Bb3 Nxb3 11. axb3 Bd7 12. Nd5 Nxd5 13. exd5 c6 14. dxc6
Bxc6 15. e4 f5 16. exf5 Rxf5 17. Qe2 a6 18. Nd2 Qb6+ 19. Kh2 Raf8 20. Rxf5 Rxf5
21. Rf1 Rxf1 22. Qxf1 Qd4 23. c3 Qf4+ 24. Qxf4 exf4 25. Kg1 g5 26. Kf2 Kf7 27.
Nc4 Ke6 28. d4 Be4 29. Nd2 Bf5 30. b4 Bd3 31. g3 fxg3+ 32. Kxg3 Kf5 33. h4 g4
34. c4 h5 35. d5 Ke5 36. b3 b5 37. c5 dxc5 38. bxc5 Kxd5 39. b4 a5 40. bxa5 b4
41. Nb3 Bb5 42. Nd2 Kxc5 43. Kf4 Ba4 44. a6 Kb6 45. a7 Kxa7 46. Kg5 g3 47. Kxh5
g2 48. Nf3 Bd1 0-1

[Event "SR 4. liga A21 2008/2009"]
[Site "?"]
[Date "2009.03.01"]
[Round "10.1"]
[White "Vach, Jozef"]
[Black "Diviak, Rudolf"]
[Result "0-1"]
[WhiteElo "1917"]
[BlackElo "1894"]
[PlyCount "62"]
[EventDate "2008.??.??"]

1. c4 d6 2. d4 Nf6 3. Nc3 g6 4. e4 Bg7 5. f3 Nbd7 6. Be3 O-O 7. Qd2 e5 8. O-O-O
exd4 9. Bxd4 a6 10. g4 b5 11. cxb5 axb5 12. Bxb5 Ba6 13. Bc6 Rb8 14. Ba7 Qe7
15. Bxb8 Rxb8 16. h4 Ne5 17. Nd5 Nxd5 18. Bxd5 Qf6 19. Qc3 Qf4+ 20. Kc2 Nd3 21.
Rxd3 Bxc3 22. Rxc3 Qg3 23. Ne2 Bxe2 24. Bb3 Bxf3 25. Rc1 Bxe4+ 26. Kd2 Qf2+ 27.
Kd1 Bf3+ 28. Rxf3 Qxf3+ 29. Kc2 Qe4+ 30. Kd2 Rb4 31. Rxc7 Rd4+ 0-1

[Event "SR 4. liga A21 2008/2009"]
[Site "?"]
[Date "2009.03.01"]
[Round "10.2"]
[White "Danada, Tomas"]
[Black "Fedorko, Tomas"]
[Result "1/2-1/2"]
[WhiteElo "1733"]
[BlackElo "1394"]
[PlyCount "112"]
[EventDate "2008.??.??"]

1. e4 g6 2. d4 d6 3. Nc3 Bg7 4. Be3 Nf6 5. f3 O-O 6. Qd2 Nbd7 7. Bc4 e5 8. Nge2
exd4 9. Nxd4 Ne5 10. Bb3 c5 11. Nde2 a6 12. Bd5 Rb8 13. Bh6 Nxd5 14. Nxd5 Qh4+
15. Kd1 Qxh6 16. Nf6+ Kh8 17. Qxd6 Be6 18. Qxe5 Rbd8+ 19. Ke1 Qd2+ 20. Kf2 Bc4
21. Rhe1 Qxc2 22. Rac1 Qa4 23. b3 Bxb3 24. axb3 Qxb3 25. Rxc5 Qb6 26. Qc7 Qxc7
27. Rxc7 Bxf6 28. Rxb7 Ra8 29. Rd1 Kg7 30. Rd3 a5 31. Ra3 Be5 32. Rb5 Bc7 33.
Nd4 Rfd8 34. Nb3 a4 35. Nc5 Rd2+ 36. Kf1 Bxh2 37. Rxa4 Rad8 38. Ra1 Bg3 39. Nb3
Rf2+ 40. Kg1 Rd3 41. Rf1 Rb2 42. Nd4 Be5 43. Ne6+ fxe6 44. Rxe5 Kf6 45. f4 Rdd2
46. Rg5 h6 47. Rg4 Re2 48. e5+ Kf5 49. Rg3 Rb4 50. Rgf3 Ree4 51. g3 h5 52. Kg2
Rb2+ 53. Kh3 Ree2 54. Rh1 Rg2 55. Ra3 Ke4 56. Re1+ Rge2 1/2-1/2

[Event "SR 4. liga A21 2008/2009"]
[Site "?"]
[Date "2009.03.01"]
[Round "10.2"]
[White "Diviak, Rastislav"]
[Black "Bardik, Jozef"]
[Result "0-1"]
[WhiteElo "2022"]
[BlackElo "1792"]
[PlyCount "106"]
[EventDate "2008.??.??"]

1. e4 c6 2. d4 d5 3. Nc3 dxe4 4. Nxe4 Bf5 5. Ng3 Bg6 6. h4 h6 7. Nf3 e6 8. h5
Bh7 9. Bd3 Bxd3 10. Qxd3 Bd6 11. Ne4 Nf6 12. Nxd6+ Qxd6 13. Bd2 Nbd7 14. O-O-O
b5 15. c4 bxc4 16. Qxc4 Nd5 17. Kb1 O-O 18. g4 Rab8 19. g5 Qa3 20. b3 Nb4 21.
Bxb4 Rxb4 22. Qc2 Rfb8 23. Rd3 c5 24. Nd2 hxg5 25. Rg3 Rxd4 26. Rxg5 Qb4 27.
Nf3 Rg4 28. h6 g6 29. h7+ Kh8 30. Qb2+ f6 31. Rxg4 Qxg4 32. Qc3 c4 33. Rc1 cxb3
34. axb3 e5 35. Ka2 Kxh7 36. Qc7 Qxf3 37. Qxd7+ Kh6 38. Qd2+ g5 39. Rc3 Qf5 40.
Qe3 Rb6 41. Qc5 Kg6 42. Kb2 e4 43. Qe3 Qf4 44. Qc5 Qd6 45. Qc4 Qe6 46. Qc7 Ra6
47. Rc4 e3 48. fxe3 Qxe3 49. Qc8 Qe6 50. Qd8 Rd6 51. Qc7 Qe5+ 52. Kc2 Qe2+ 53.
Kb1 Rd2 0-1

[Event "SR 4. liga A21 2008/2009"]
[Site "?"]
[Date "2009.03.01"]
[Round "10.2"]
[White "Jozefek, Michal"]
[Black "Nedorost, Lubomir"]
[Result "0-1"]
[WhiteElo "1896"]
[BlackElo "1588"]
[PlyCount "129"]
[EventDate "2008.??.??"]

1. d4 e6 2. c4 f5 3. Nc3 Nf6 4. Nf3 c6 5. Bf4 Be7 6. e3 d5 7. Be2 O-O 8. Qc2
Ne4 9. h3 Nd7 10. Nxe4 fxe4 11. Ne5 Nxe5 12. Bxe5 Bf6 13. Bg3 Bh4 14. Bxh4 Qxh4
15. O-O Qg5 16. Kh1 Rf6 17. Bd1 Rh6 18. f4 exf3 19. Rxf3 e5 20. Qf2 Be6 21. Be2
e4 22. Rg3 Rf6 23. Qe1 Qh6 24. Qg1 Qh4 25. Kh2 Raf8 26. Rf1 Rxf1 27. Bxf1 Qf6
28. Be2 Qf2 29. Qd1 dxc4 30. d5 Bxd5 31. Qd4 Qf6 32. Qc5 Qxb2 33. Bxc4 Qf6 34.
Bxd5+ cxd5 35. Qxd5+ Kh8 36. Qxe4 Qf2 37. Qe7 Rg8 38. Qd7 a5 39. e4 b5 40. Qd5
Re8 41. Rd3 a4 42. e5 h6 43. e6 Qf6 44. Re3 Qf4+ 45. Rg3 Qf6 46. Qxb5 Qxe6 47.
Qxa4 Qe5 48. Qb3 Rd8 49. a4 Rb8 50. Qc4 Ra8 51. Qb5 Qc7 52. Qb4 Rb8 53. Qg4 Ra8
54. Qe4 Rf8 55. Qd4 Rf6 56. Qc3 Rc6 57. Qb2 Rb6 58. Qe2 Qb8 59. Qe7 Rg6 60. Qe3
h5 61. h4 Rg4 62. Qb3 Rb4 63. Qc3 Rxh4+ 64. Kg1 Qb6+ 65. Qe3 {
zvysok partie sa neda zrekonstruovat} 0-1

[Event "SR 4. liga A21 2008/2009"]
[Site "?"]
[Date "2009.03.01"]
[Round "10.2"]
[White "Nemsak, Denis"]
[Black "Danada, Ondrej"]
[Result "1-0"]
[WhiteElo "1476"]
[BlackElo "1894"]
[PlyCount "81"]
[EventDate "2008.??.??"]

1. c4 e5 2. e3 Nc6 3. d4 Nf6 4. Nc3 exd4 5. exd4 d5 6. c5 Bf5 7. Bb5 a6 8.
Bxc6+ bxc6 9. Bf4 Ne4 10. Nf3 g5 11. Bg3 Nxg3 12. fxg3 Bg7 13. O-O Bg6 14. Re1+
Kd7 15. Qa4 Bd3 16. Re3 Bb5 17. Qb3 Bc4 18. Qc2 Re8 19. Qf5+ Re6 20. Qxf7+ Qe7
21. Qxe7+ Rxe7 22. Rxe7+ Kxe7 23. Re1+ Kd7 24. Ne5+ Bxe5 25. Rxe5 h6 26. b3 Bd3
27. Re3 Bb5 28. Ne2 Bxe2 29. Rxe2 Rf8 30. h4 Rf5 31. Rf2 Ke6 32. Kf1 h5 33. Ke2
Rxf2+ 34. Kxf2 Kf5 35. Kf3 Kg6 36. g4 gxh4 37. gxh5+ Kxh5 38. Kf4 h3 39. gxh3
Kh4 40. Ke5 Kxh3 41. Ke6 1-0

[Event "SR 4. liga A21 2008/2009"]
[Site "?"]
[Date "2009.03.01"]
[Round "10.2"]
[White "Strapko, Tomas"]
[Black "Pericka, Pavol"]
[Result "0-1"]
[WhiteElo "1436"]
[BlackElo "1735"]
[PlyCount "80"]
[EventDate "2008.??.??"]

1. e4 e5 2. Nf3 Nc6 3. Bc4 Bc5 4. c3 Nf6 5. d4 exd4 6. cxd4 Bb4+ 7. Bd2 Nxe4 8.
Bxb4 Nxb4 9. Bxf7+ Kxf7 10. Qb3+ d5 11. Ne5+ Kf6 12. Qxb4 c5 13. Qa4 b5 14. Qd1
Qa5+ 15. Nc3 Bf5 16. Nc6 Nxc3 17. Nxa5 Rhe8+ 18. Kf1 Nxd1 19. Rxd1 c4 20. f3
Bd3+ 21. Kf2 Re2+ 22. Kg3 Rxb2 23. Nc6 Rxa2 24. Nb4 Ra3 25. Nxd3 cxd3 26. Rd2
Rc8 27. Rhd1 Rcc3 28. Kf2 a5 29. Ke3 b4 30. Rxd3 a4 31. Rxc3 Rxc3+ 32. Kd2 Kf5
33. Re1 a3 34. Re5+ Kf6 35. Re1 Rc4 36. Re3 a2 37. Re1 b3 38. Ra1 b2 39. Rxa2
b1=Q 40. Ra6+ Kf5 0-1

[Event "SR 4. liga A21 2008/2009"]
[Site "?"]
[Date "2009.03.01"]
[Round "10.3"]
[White "Bendzela, Tibor"]
[Black "Pripko, Bystrik"]
[Result "0-1"]
[WhiteElo "1477"]
[BlackElo "1560"]
[PlyCount "88"]
[EventDate "2008.??.??"]

1. e4 e5 2. Nf3 Nc6 3. d4 exd4 4. Nxd4 Nxd4 5. Qxd4 d6 6. Nc3 a6 7. Bc4 h6 8.
O-O Be6 9. Bd3 Nf6 10. f4 c5 11. Qe3 Be7 12. f5 Bd7 13. Qg3 Kf8 14. Bf4 Nh5 15.
Qf3 Nxf4 16. Qxf4 Bc6 17. Rae1 Qb6 18. Bc4 Rd8 19. b3 Bg5 20. Qg3 Bf6 21. Nd5
Bxd5 22. Bxd5 Be5 23. Qh3 Qc7 24. c4 b5 25. Rf3 Qa5 26. Ref1 Qxa2 27. Qh5 Rd7
28. cxb5 axb5 29. Bc6 Re7 30. Bxb5 Bd4+ 31. Kh1 Rxe4 32. Bc4 Re7 33. g4 Qd2 34.
f6 Bxf6 35. Rxf6 gxf6 36. Rxf6 Re1+ 37. Rf1 Rxf1+ 38. Bxf1 Rg8 39. Bc4 Qd1+ 40.
Kg2 Qxg4+ 41. Qxg4 Rxg4+ 42. Kf3 Rg5 43. Bb5 Ke7 44. h4 Re5 0-1

[Event "SR 4. liga A21 2008/2009"]
[Site "?"]
[Date "2009.03.01"]
[Round "10.3"]
[White "Beran, Jan ml"]
[Black "Slaby, Marian"]
[Result "1-0"]
[WhiteElo "1757"]
[BlackElo "1860"]
[PlyCount "91"]
[EventDate "2008.??.??"]

1. c4 Nf6 2. Nc3 e6 3. e4 e5 4. Nf3 Nc6 5. h3 d6 6. g3 Be7 7. Bg2 O-O 8. O-O
Be6 9. d3 Nd7 10. Nd5 Bxd5 11. cxd5 Ncb8 12. d4 c6 13. dxe5 Nxe5 14. Nh2 c5 15.
f4 Ng6 16. h4 f6 17. h5 Nh8 18. Bh3 Nf7 19. Be6 Kh8 20. Ng4 Na6 21. b3 Nc7 22.
Bb2 Qe8 23. h6 Nxe6 24. dxe6 Nxh6 25. Nxh6 gxh6 26. f5 Rg8 27. Kg2 h5 28. Rh1
Rg4 29. Qf3 Qc6 30. Rxh5 Rxe4 31. Rah1 Re2+ 32. Kg1 Re1+ 33. Kf2 Qxf3+ 34. Kxf3
Rxh1 35. Rxh1 d5 36. g4 Kg7 37. Bc1 c4 38. Bh6+ Kh8 39. bxc4 dxc4 40. Rd1 Rd8
41. Rxd8+ Bxd8 42. Bf8 a5 43. e7 Bxe7 44. Bxe7 Kg7 45. a4 Kf7 46. Bd8 1-0